00889nam a22002177a 4500999001900000005001700019008004100036020001500077050002100092100004000113245007100153250001100224260004400235300002100279500003500300504003300335650007700368650007400445942001300519952013900532 c150840d15083820190902132915.0190902b xxu||||| |||| 00| 0 eng d a156720354X04aKF3471bK64 20011 aKohn, Stephen M. q(Stephen Martin)10aConcepts and procedures in whistleblower law c/ Stephen M. Kohn. a1a ed. aWestport, Conn. :bQuorum Books,c2001. a527 p. ;c25 cm. aIncluye apéndice e índice. aBibliografía : p. 486-514. 72lembaEmpleadosxDescriminaciónxLeyes y legislaciónzEstados Unidos 72lembaDiscriminación laboralxLeyes y legislaciónzEstados Unidos 2lcccLIB 102lcc4070aPOS-042bPOS-042cCEVd2019-09-02eDONf1a ed.iDkCSAoKF3471 K64 2001pBPD000000951r2019-09-02 00:00:00t1v1.00yLIB